000 00689nam a22002417a 4500
003 UA-OsUOA
001 67552
007 ta
008 20100303b un ||||| |||| 00| 0 ukr d
090 _a347.97/99
_bК63
942 _cBK
040 _aUA-OsUOA
_brus
_cUA-OsUOA
_dUA-OsUOA
245 _aКомментарий судебной практики
_cЯрошенко К. Б.
300 _a256 с.
955 _a2
041 _arus
080 _a347.97/99
020 _a5-7260-0934-7
260 _aМ.
_bЮридическая литература
_c1999
250 _nВипуск 5
650 7 _a347 Цивільне право. Судовий устрій
_2UDC
999 _c353457
_d353457